| 000 | 00761nam a2200217Ia 4500 | ||
|---|---|---|---|
| 003 | GCL | ||
| 008 | 140319s9999 xx 000 0 ara d | ||
| 040 |
_aGCL / _cGCL |
||
| 082 | 0 | 4 |
_a810.9016 _bم ت |
| 100 | 1 | _aمحمود سالم | |
| 245 | 1 | 0 |
_aالتعازى والمراثى والمواعظ / _cمحمود سالم |
| 700 | 1 | _aابراهيم محمد حسن الجمل | |
| 700 | 1 | _aمحمود سالم (مراجعة) | |
| 700 | 1 | _aالمبرد: ابوالعباس محمد بن يزيد بن عبدالاكبر بن عمير بن حسان الثالى الازدى | |
| 300 | _a307 ص | ||
| 490 |
_aمن كتب التراث _v0 |
||
| 650 | 0 | 4 | _aالادب العربى |
| 650 | 0 | 4 | _aالنثر |
| 650 | 0 | 4 | _aالمجموعات |
| 942 |
_2ddc _cBK |
||
| 999 |
_c44381 _d44381 |
||